Job evaluation and wage inoentives (Record no. 367467)

000 -LEADER
fixed length control field 00403cam a22001457a 4500
008 - FIXED-LENGTH DATA ELEMENTS--GENERAL INFORMATION
fixed length control field 180718b1949 xxu||||| |||| 00| 0 eng d
082 ## - DEWEY DECIMAL CLASSIFICATION NUMBER
Classification number K22 H237
245 ## - TITLE STATEMENT
Title Job evaluation and wage inoentives
Statement of responsibility, etc. edited by Carl C. Harrington
260 ## - PUBLICATION, DISTRIBUTION, ETC.
Place of publication, distribution, etc. New York
Name of publisher, distributor, etc. Conover - Mast
Date of publication, distribution, etc. 1949
300 ## - PHYSICAL DESCRIPTION
Extent 289p.
500 ## - GENERAL NOTE
General note $5.00
650 ## - SUBJECT ADDED ENTRY--TOPICAL TERM
Topical term or geographic name entry element Wage Inventives
650 ## - SUBJECT ADDED ENTRY--TOPICAL TERM
Topical term or geographic name entry element Job Analysis
700 ## - ADDED ENTRY--PERSONAL NAME
Personal name Harrington, Carl C.
Holdings
Withdrawn status Lost status Damaged status Not for loan Permanent Location Current Location Date acquired Full call number Barcode Date last seen Price effective from Koha item type
        Indian Institute of Public Administration Indian Institute of Public Administration 1994-05-13 K22 H237 14055 2018-07-21 2018-07-21 Book

Powered by Koha